00439caa a22001452a 4500001000900000003001100009008004700020092001500067245006600082245008900148440000700237650002500244942000900269999001500278 003013 AR-FADEU 311216n############xxu####################dd aPP(920)BIO bMarco Polo : el viajero que reveló los misterios de Oriente aBiografías imprescindibles Clarín : los hombres y mujeres que cambiaron al mundo n20 aMARCO POLO-BIOGRAFIA cPPGR c5791d5791